000 01977cam a22002897a 4500
999 _c126882
_d126882
001 16200497
003 ARRUPE
005 20170904121934.0
008 100423s2010 mau b 001 0 eng
010 _a 2010017451
020 _a9780801039508
040 _aDLC
_cDLC
042 _apcc
050 0 0 _aBT366.3
_b.C68 2010
082 0 0 _a232.9/55
_222
100 1 _aCotter, Wendy,
_d1946-
_935569
245 1 4 _aThe Christ of the miracle stories :
_bportrait through encounter /
_cWendy Cotter.
260 _aMichigan. :
_bBaker Academic ,
_cc2010.
300 _axxvi, 293 p. ;
_c22 cm.
504 _aIncludes bibliographical references (p. ) and indexes.
505 0 _aJesus and the leper (Mark 1:40-45) -- Jesus and Bartimaeus (Mark 10:46-52) -- Jesus and the friends of the paralytic (Mark 2:1-12) -- Jesus and the centurion (Q (Luke) 7:1, 3, 6b-9) -- Jesus and the Syrophoenician mother (Mark 7:26-30) -- Jesus and the father of a demonized boy (Mark 9:14-29) -- Jesus and his storm-tossed disciples (Mark 4:35-41) -- The sea-walking Jesus and his disciples (Mark 6:45-52).
520 8 _a"Calling on her almost encyclopedic knowledge of conditions in the first-century Mediterranean world, Professor Cotter discusses the miracle stories reported in the Gospel of Mark in terms of the likely reaction of contemporary people upon seeing them or hearing of them. This enables her to portray the Jesus of these stories in terms of his divine authority and power and also as an example of how his followers are to treat those to whom they proclaim the gospel. The book is an excellent source for both historical information and theological reflection; Paul J. Achtemeier" -- BACK COVER.
600 0 0 _aJesus Christ
_xMiracles.
_928021
600 0 0 _aJesus Christ
_xCharacter.
_935570
600 0 0 _aJesus Christ
_xPerson and offices.
_935571
906 _a7
_bcbc
_corigcop
_d2
_encip
_f20
_gy-gencatlg
942 _2lcc
_cMONOGRAPH